000 00785nam a2200229 i 4500
001 bg
100 1 _aPIONTEK, Marlena
245 1 0 _aGrzyby pleśniowe :
_batlas /
_cMarlena Piontek.
260 _aZielona Góra :
_bWydaw. Politechniki Zielonogórskiej :
_b[Firma Reklamowa Zbigniew Pietraszkiewicz],
_c1999.
300 _a113 s. :
_bil. kolor., err. ;
_c25 cm.
504 _aBibliogr.
650 9 _aPleśnie
655 _aAtlasy
020 _a8390771055 (FR Zbigniew Pietraszkiewicz)
040 _cBPK
041 0 _apl
080 _a582.28(084.4)
920 _a83-907710-5-5 (FR Zbigniew Pietraszkiewicz)
942 _cKS
008 s pl f |000 0 pol
856 _uhttp://koha.tu.koszalin.pl/cgi-bin/koha/opac-detail.pl?biblionumber=38049
_yKatalog online BPK
999 _c38049
_d38049